书目信息 |
| 题名: |
营养决定中老年健康
|
|
| 作者: | 于康 主编 | |
| 分册: | ||
| 出版信息: | 北京 新华出版社 2007.06 |
|
| 页数: | 253页 | |
| 开本: | 23cm | |
| 丛书名: | 于康营养课堂 | |
| 单 册: | ||
| 中图分类: | R153.3 | |
| 科图分类: | ||
| 主题词: | 中年人--zhong nian ren--营养卫生 , 老年人--lao nian ren--营养卫生 | |
| 电子资源: | ||
| ISBN: | 978-7-5011-7998-5 | |
| 000 | 00940nam 2200265 450 | |
| 001 | 012008935109 | |
| 005 | 20080508092625.09 | |
| 010 | @a978-7-5011-7998-5@dCNY29.80 | |
| 100 | @a20080508d2007 em y0chiy0120 ea | |
| 101 | 0 | @achi |
| 102 | @aCN@b110000 | |
| 105 | @aa z 000yy | |
| 106 | @ar | |
| 200 | 1 | @a营养决定中老年健康@Aying yang jue ding zhong lao nian jian kang@f于康主编@Fyu kang zhu bian |
| 210 | @a北京@c新华出版社@d2007.06 | |
| 215 | @a253页@c图@d23cm | |
| 225 | 2 | @a于康营养课堂@Ayu kang ying yang ke tang |
| 330 | @a全书包括:中老年营养策略关键点;怎样选择和利用好适宜自己的食物;怎样食补增强体质防疾病;科学烹调,获得营养和健康;常见慢性疾病的营养防治等。 | |
| 410 | 0 | @12001 @a于康营养课堂 |
| 606 | 0 | @a中年人@Azhong nian ren@x营养卫生 |
| 606 | 0 | @a老年人@Alao nian ren@x营养卫生 |
| 690 | @aR153.3@v4 | |
| 701 | 0 | @a于康@Ayu kang@4主编 |
| 801 | 0 | @aCN@bQSSK@c20080508 |
| 905 | @b707361-62@dR153.3@eY711@f2 | |
| 营养决定中老年健康/于康主编.-北京:新华出版社,2007.06 |
| 253页:图;23cm.-(于康营养课堂) |
| ISBN 978-7-5011-7998-5:CNY29.80 |
| 全书包括:中老年营养策略关键点;怎样选择和利用好适宜自己的食物;怎样食补增强体质防疾病;科学烹调,获得营养和健康;常见慢性疾病的营养防治等。 |
| ● |
| 相关链接 |
|
|
|
正题名:营养决定中老年健康
索取号:R153.3/Y711
 
预约/预借
| 序号 | 登录号 | 条形码 | 馆藏地/架位号 | 状态 | 备注 |
| 1 | 707361 | 207073619 | 自科库401/401自科库 102排2列1层/ [索取号:R153.3/Y711] | 在馆 | |
| 2 | 707362 | 207073628 | 自科库401/ [索取号:R153.3/Y711] | 在馆 |